Equipos de La Liga por logos - Estadísticas

Estadísticas generales
  • Esta prueba ha sido intentada 258 veces
  • La puntuación promedio es 18 de 20
Estadísticas de respuestas
Imagen Respuesta % Correcto
Barcelona
100%
Real Madrid
100%
Girona
97%
Betis
96%
Rayo Vallecano
96%
Valencia
96%
Alavés
95%
Atlético de Madrid
95%
Las Palmas
95%
Sevilla
95%
Real Sociedad
93%
Villarreal
93%
Athletic Club
90%
Osasuna
90%
Celta de Vigo
88%
Getafe
88%
Espanyol
86%
Mallorca
86%
Leganés
84%
Valladolid
83%
No se encontraron pruebas coincidentes
Distribución de puntuación
Porcentaje de gente con cada puntuación
Porcentaje por número respondido
Historial de tus puntuaciones
No has intentado esta prueba.